00901cam a22002651 4500001001300000003000400013005001700017008004100034010001700075035002000092040001800112042001200130050002100142100003900163245007800202260003900280300002600319490002600345500001700371500010400388500004500492610003000537651005100567999001700618sa 68001498 DLC20260227112434.0890913s1967 io 000 0 dut  asa 68001498  a(OCoLC)23432220 aDLCcMiUdDLC apremarc00aDS644b.N28 19671 aNasution, Abdul Haris,d1918-2000.10aProloog, peristiwa dan epiloog G-30-S/P. K. I. Keterangan A. H. Nasution. aDjakarta,bTjandra-Kartika,c1967. a72 p.billus.c21 cm.0 aUntuk direnungkan,v3 aCover title. aPreviously published under the title: Keterangan2 bekas Menko Hankam berhubung dengan pelnawaksara. aThis edition published without appendix.20aPartai Komunis Indonesia. 0aIndonesiaxPolitics and governmenty1950-1966. c77997d77997